Morte di mezza estate e altri racconti /

Gespeichert in:
Bibliographische Detailangaben
1. Verfasser: Mishima, Yukio (Verfasst von)
Weitere Verfasser: Moravia, Alberto, Amante, Marco
Format: Buch
Sprache:Italienisch
Veröffentlicht: Milano : Longanesi, 1983
Schriftenreihe:La gaja scienza ; 82
Tags: Tag hinzufügen
Keine Tags, Fügen Sie das erste Tag hinzu!

MARC

LEADER 00000nam a22000007i 4500
001 IT\ICCU\CFI\0007387
003 ItRI
005 20260115232229.0
008 860203s1983 it |||||| ||||| |||||c
040 |b ita  |c importazione bologna sebina 
041 7 |a ita  |2 ISO-639-2 
082 |a 895.6  |9 LETTERATURA GIAPPONESE  |2 18 
100 1 |a Mishima, Yukio  |0 IT\ICCU\CFIV\002484  |4 aut 
245 1 0 |a Morte di mezza estate e altri racconti /  |c di Yukio Mishima ; traduzione di Marco Amante ; prefazione di Alberto Moravia. 
260 |a Milano :  |b Longanesi,  |c 1983 
300 |a 249 p. ;  |c 21 cm 
700 1 |a Moravia, Alberto  |0 IT\ICCU\CFIV\000648 
700 1 |a Amante, Marco  |0 IT\ICCU\CFIV\035538 
790 1 |a Pincherle, Alberto,  |d  (1907-1990)  |3 IT\ICCU\CFIV\000649  |z Moravia, Alberto 
790 1 |a Hiraoka, Kimitake  |3 IT\ICCU\CFIV\226673  |z Mishima, Yukio 
830 3 |a La gaja scienza ;  |v 82  |0 IT\ICCU\CFI\0000487 
942 |2 ddc  |c BK  |n 0 
952 |0 0  |1 0  |4 0  |6 DOC_895_635000000000000_MIS  |7 0  |9 22494  |a BO  |b BO  |d 2026-01-15  |i 8549  |l 0  |o DOC 895.635 MIS  |p BO8549  |r 2026-01-15 23:22:29  |w 2026-01-15  |x [Sebina 5] [1 v.]  |y BK  |z 1 v. 
999 |c 19206  |d 19206